000 004310000a22001690004500
003 MACL
005 20160113165333.0
008 160113b xxu||||| |||| 00| 0 eng d
040 _aMACL
_cMACL
041 _aEnglish
082 _a954/POO
100 _aSmith, Vincent A
_931904
245 _aAsoka
_bThe Buddhist Emperor of India
260 _bThe Clarendon Press
_aToronto
650 _aHistory
_932047
942 _cBK
_k954/SMI
_2ddc
999 _c38053
_d38053